000
00342nam a2200157Ia 4500
100
_a
Collette/Andrew
650
_a
Python
942
_c
BK
366
_f
20
654
_a
python
245
_a
Python and HDF5:Unlocking scientific Data
260
_b
Oreilly
_c
2014
082
_a
5.133
_b
COL
300
_a
135
546
_a
ENGLISH
_c
Info.Tech
999
_c
34855
_d
34855